000 00941nam a22002777a 4500
003 CBULib
005 20240925085055.0
008 230508b |||||||| |||| 00| 0 eng d
020 _a9780393881578
040 _aCBULib
_cCBULib
_bEnglish
_erda
041 _aeng
050 _aQ 175 Rut
100 1 _aRutherford, Adam.
_913
245 _aThe complete guide to absolutely everything : abridged : adventures in math and science
_c/ by Adam Rutherford and Hannah Fry
260 _aNew York :
_bW.W. NOTRTON & COMPANY,
_c2021
300 _a303 pages : illustrations
336 _2rdacontent
_aText |
_btxt
337 _2rdamedia
_aUnmediated |
_bn
338 _2rdacarrier
_aVolume
_bnc
650 _2Library of Congress
_aSCIENCE--MISCELLANEA
650 _2Library of Congress
_aMATHEMATICS--MISCELLANEA
650 _2OCLC
_aCOSMOLOGY
700 _aFry, Hannah
_c(Author)
700 _aRoberts, Alice
_c(Illustrator)
942 _c002
_2lcc
999 _c78278
_d78278